| 000 | 00918nam a2200289Ia 4500 | ||
|---|---|---|---|
| 003 | OSt | ||
| 005 | 20221007123919.0 | ||
| 006 | a|||||r|||| 00| 0 | ||
| 007 | ta | ||
| 008 | 221006b |||||||| |||| 00| 0 eng d | ||
| 020 |
_a9788181288637 (pbk) _cRs.995 |
||
| 024 | _a81103 | ||
| 037 |
_b782, 19/03/2008, Educational Book Agency (India) _cTextual |
||
| 040 |
_aCDL _cCDL _beng |
||
| 041 |
_2eng _aeng |
||
| 082 | _aE9, N3;1 Carc | ||
| 100 |
_aThomson R H _9718121 |
||
| 245 | 0 | _aChemistry of natural products | |
| 250 | _a2 | ||
| 260 |
_aLondon _bBlackie Academic & Professional _c1993 |
||
| 300 |
_ax, 452p. _ccm. |
||
| 500 | _aIncludes bibliographical references.; Index 445-452p. | ||
| 650 |
_a Natural products _9711396 |
||
| 650 | _aChemistry | ||
| 942 |
_hE9, N3;1 Carc _cTEXL _2CC |
||
| 999 |
_c1212649 _d1212649 |
||